<?xml version="1.0" encoding="UTF-8"?>
<record
    xmlns:xsi="http://www.w3.org/2001/XMLSchema-instance"
    xsi:schemaLocation="http://www.loc.gov/MARC21/slim http://www.loc.gov/standards/marcxml/schema/MARC21slim.xsd"
    xmlns="http://www.loc.gov/MARC21/slim">

  <leader>03201nam a2200301Ia 4500</leader>
  <controlfield tag="005">20250223033126.0</controlfield>
  <controlfield tag="008">  231030s9999    xx            000 0 und d</controlfield>
  <datafield tag="049" ind1=" " ind2=" ">
    <subfield code="a">Deposit</subfield>
  </datafield>
  <datafield tag="082" ind1=" " ind2=" ">
    <subfield code="a">610</subfield>
  </datafield>
  <datafield tag="097" ind1=" " ind2=" ">
    <subfield code="a">Ph.D</subfield>
  </datafield>
  <datafield tag="099" ind1=" " ind2=" ">
    <subfield code="a">Cai01.09.09.Ph.D.2022.In.P</subfield>
  </datafield>
  <datafield tag="100" ind1=" " ind2=" ">
    <subfield code="a">Inas Adel Mahmoud ,</subfield>
  </datafield>
  <datafield tag="245" ind1=" " ind2=" ">
    <subfield code="a">Patient satisfaction and crestal bone loss of polymer infiltrated ceramic network versus lithium disilicate implant hybrid abutment crowns in esthetic zone</subfield>
    <subfield code="c">Inas Adel Mahmoud ; Adel Eltannir , Reham Said Elbasty</subfield>
  </datafield>
  <datafield tag="246" ind1=" " ind2=" ">
    <subfield code="a">&#x631;&#x636;&#x627; &#x627;&#x644;&#x645;&#x631;&#x636;&#x64A; &#x648;&#x641;&#x642;&#x62F;&#x627;&#x646; &#x627;&#x644;&#x639;&#x638;&#x627;&#x645; &#x627;&#x644;&#x642;&#x627;&#x639;&#x62F;&#x64A;&#x629; &#x644;&#x644;&#x62A;&#x64A;&#x62C;&#x627;&#x646; &#x627;&#x644;&#x62F;&#x639;&#x627;&#x645;&#x64A;&#x647; &#x627;&#x644;&#x645;&#x647;&#x62C;&#x646;&#x647; &#x627;&#x644;&#x645;&#x62B;&#x628;&#x62A;&#x647; &#x639;&#x644;&#x64A;&#x627;&#x644;&#x63A;&#x631;&#x633;&#x627;&#x62A; &#x648;&#x627;&#x644;&#x645;&#x635;&#x646;&#x648;&#x639;&#x629; &#x645;&#x646; &#x627;&#x644;&#x62E;&#x632;&#x641; &#x627;&#x644;&#x645;&#x647;&#x62C;&#x646; &#x645;&#x642;&#x627;&#x628;&#x644; &#x644;&#x64A;&#x62B;&#x64A;&#x648;&#x645; &#x62F;&#x64A;&#x633;&#x64A;&#x644;&#x64A;&#x643;&#x627;&#x62A; (&#x62A;&#x62C;&#x627;&#x631;&#x628; &#x625;&#x643;&#x644;&#x64A;&#x646;&#x64A;&#x643;&#x64A;&#x647; &#x639;&#x634;&#x648;&#x627;&#x626;&#x64A;&#x647;)</subfield>
  </datafield>
  <datafield tag="260" ind1=" " ind2=" ">
    <subfield code="c">2022.</subfield>
  </datafield>
  <datafield tag="502" ind1=" " ind2=" ">
    <subfield code="a">Thesis (M.Sc.)-Cairo University - Faculty of Oral and Dental Medicine - Department of Fixed  Prosthodontics</subfield>
  </datafield>
  <datafield tag="504" ind1=" " ind2=" ">
    <subfield code="a">Bibliography: p. 179-209.</subfield>
  </datafield>
  <datafield tag="520" ind1=" " ind2=" ">
    <subfield code="a">&#x627;&#x644;&#x647;&#x62F;&#x641;: &#x644;&#x62A;&#x642;&#x64A;&#x64A;&#x645; &#x631;&#x636;&#x627; &#x627;&#x644;&#x645;&#x631;&#x64A;&#x636; &#x648;&#x642;&#x64A;&#x627;&#x633; &#x641;&#x642;&#x62F;&#x627;&#x646; &#x627;&#x644;&#x639;&#x638;&#x627;&#x645; &#x62D;&#x648;&#x644; &#x627;&#x644;&#x632;&#x631;&#x639; &#x644;&#x644;&#x62A;&#x64A;&#x62C;&#x627;&#x646; &#x627;&#x644;&#x62F;&#x639;&#x627;&#x645;&#x64A;&#x647; &#x627;&#x644;&#x645;&#x647;&#x62C;&#x646;&#x629; &#x627;&#x644;&#x645;&#x62B;&#x628;&#x62A;&#x629; &#x639;&#x644;&#x64A; &#x627;&#x644;&#x63A;&#x631;&#x633;&#x627;&#x62A; &#x641;&#x64A;&#x62A;&#x627;  &#x627;&#x64A;&#x646;&#x645;&#x643; &#x639;&#x646;&#x62F; &#x645;&#x642;&#x627;&#x631;&#x646;&#x62A;&#x647;&#x627; &#x628;&#x62A;&#x64A;&#x62C;&#x627;&#x646; &#x633;&#x64A;&#x644;&#x64A;&#x643;&#x627;&#x62A; &#x627;&#x644;&#x644;&#x64A;&#x62B;&#x64A;&#x648;&#x645; &#x628;&#x639;&#x62F; 12 &#x64B; &#x634;&#x647;&#x631;&#x627; &#x645;&#x646; &#x627;&#x644;&#x645;&#x62A;&#x627;&#x628;&#x639;&#x629;. &#x627;&#x644;&#x645;&#x646;&#x647;&#x62C;&#x64A;&#x629;: &#x62A;&#x645; &#x627;&#x62E;&#x62A;&#x64A;&#x627;&#x631; 44 &#x645;&#x631;&#x64A;&#x636;&#x627; &#x645;&#x646; &#x627;&#x644;&#x639;&#x64A;&#x627;&#x62F;&#x629; &#x627;&#x644;&#x62E;&#x627;&#x631;&#x62C;&#x64A;&#x629; &#x628;&#x642;&#x633;&#x645; &#x627;&#x644;&#x627;&#x633;&#x62A;&#x639;&#x631;&#x627;&#x636;&#x627;&#x62A; &#x627;&#x644;&#x633;&#x646;&#x64A;&#x629; &#x627;&#x644;&#x645;&#x62B;&#x628;&#x62A;&#x629; &#x648;&#x62A;&#x645; &#x63A;&#x631;&#x633; &#x632;&#x631;&#x627;&#x639;&#x627;&#x62A; &#x645;&#x628;&#x627;&#x634;&#x631;&#x629;  &#x628;&#x639;&#x62F; &#x62E;&#x644;&#x639; &#x627;&#x644;&#x623;&#x633;&#x646;&#x627;&#x646; &#x627;&#x644;&#x623;&#x645;&#x627;&#x645;&#x64A;&#x629; &#x648; &#x628;&#x639;&#x62F; 3 &#x634;&#x647;&#x648;&#x631; &#x62A;&#x645; &#x639;&#x645;&#x644; &#x627;&#x644;&#x62E;&#x637;&#x648;&#x629; &#x627;&#x644;&#x62A;&#x627;&#x644;&#x64A;&#x629; &#x644;&#x62A;&#x62C;&#x647;&#x64A;&#x632; &#x627;&#x644;&#x644;&#x62B;&#x629; &#x644;&#x639;&#x645;&#x644; &#x62A;&#x631;&#x643;&#x64A;&#x628;&#x627;&#x62A; &#x639;&#x644;&#x649; &#x627;&#x644;&#x63A;&#x631;&#x633;&#x627;&#x62A;. &#x62B;&#x645; &#x62A;&#x645; &#x62A;&#x642;&#x633;&#x64A;&#x645;&#x647;&#x645; &#x625;&#x644;&#x649;  &#x645;&#x62C;&#x645;&#x648;&#x639;&#x62A;&#x64A;&#x646; :&#x62A;&#x644;&#x642;&#x62A; &#x627;&#x644;&#x645;&#x62C;&#x645;&#x648;&#x639;&#x629; &#x627;&#x644;&#x623;&#x648;&#x644;&#x649; &#x627;&#x644;&#x62A;&#x64A;&#x62C;&#x627;&#x646; &#x627;&#x644;&#x62F;&#x627;&#x639;&#x645;&#x629; &#x627;&#x644;&#x647;&#x62C;&#x64A;&#x646;&#x629; &#x644;&#x640;&#x641;&#x64A;&#x62A;&#x627; &#x627;&#x64A;&#x646;&#x645;&#x643;. &#x62A;&#x644;&#x642;&#x62A; &#x627;&#x644;&#x645;&#x62C;&#x645;&#x648;&#x639;&#x629; &#x627;&#x644;&#x62B;&#x627;&#x646;&#x64A;&#x629; &#x62A;&#x64A;&#x62C;&#x627;&#x646; &#x62F;&#x639;&#x627;&#x645;&#x629; &#x647;&#x62C;&#x64A;&#x646;&#x629; &#x645;&#x646;  &#x633;&#x64A;&#x644;&#x64A;&#x643;&#x627;&#x62A; &#x627;&#x644;&#x644;&#x64A;&#x62B;&#x64A;&#x648;&#x645; &#x641;&#x648;&#x642; &#x627;&#x644;&#x63A;&#x631;&#x633;&#x627;&#x62A; &#x627;&#x644;&#x645;&#x648;&#x636;&#x648;&#x639;&#x629; &#x639;&#x644;&#x649; &#x627;&#x644;&#x641;&#x648;&#x631; &#x641;&#x64A; &#x627;&#x644;&#x645;&#x646;&#x637;&#x642;&#x629; &#x627;&#x644;&#x62A;&#x62C;&#x645;&#x64A;&#x644;&#x64A;&#x629;. &#x62A;&#x645; &#x625;&#x62C;&#x631;&#x627;&#x621; &#x627;&#x644;&#x645;&#x633;&#x62D; &#x62F;&#x627;&#x62E;&#x644; &#x627;&#x644;&#x641;&#x645; &#x628;&#x627;&#x633;&#x62A;&#x62E;&#x62F;&#x627;&#x645; &#x627;&#x644;&#x643;&#x627;&#x62F; &#x643;&#x627;&#x645;  &#x645;&#x628;&#x627;&#x634;&#x631;&#x629; &#x628;&#x639;&#x62F; &#x625;&#x632;&#x627;&#x644;&#x629; &#x627;&#x644;&#x645;&#x624;&#x642;&#x62A;. &#x62A;&#x645; &#x62F;&#x645;&#x62C; &#x62C;&#x645;&#x64A;&#x639; &#x641;&#x62D;&#x648;&#x635;&#x627;&#x62A; &#x627;&#x644;&#x623;&#x633;&#x646;&#x627;&#x646; &#x62C;&#x646;&#x628;&#x64B;&#x627; &#x625;&#x644;&#x649; &#x62C;&#x646;&#x628; &#x645;&#x639; &#x641;&#x62D;&#x648;&#x635;&#x627;&#x62A; &#x627;&#x644;&#x644;&#x62B;&#x629; &#x644;&#x625;&#x646;&#x634;&#x627;&#x621; &#x646;&#x645;&#x648;&#x630;&#x62C; &#x627;&#x641;&#x62A;&#x631;&#x627;&#x636;&#x64A; &#x643;&#x627;&#x645;&#x644;  &#x627;&#x644;&#x646;&#x634;&#x627;&#x621; &#x627;&#x644;&#x62A;&#x627;&#x62C;. &#x62A;&#x645;. &#x627;&#x644;&#x62A;&#x631;&#x627;&#x628;&#x637; &#x627;&#x644;&#x62E;&#x627;&#x631;&#x62C;&#x64A; &#x644;&#x642;&#x627;&#x639;&#x62F;&#x629; &#x627;&#x644;&#x62A;&#x64A;&#x62A;&#x627;&#x646;&#x64A;&#x648;&#x645; &#x645;&#x639; &#x627;&#x644;&#x62A;&#x627;&#x62C;. &#x62A;&#x645; &#x623;&#x62E;&#x630; &#x627;&#x644;&#x635;&#x648;&#x631; &#x627;&#x644;&#x634;&#x639;&#x627;&#x639;&#x64A;&#x629; &#x645;&#x628;&#x627;&#x634;&#x631;&#x629; &#x628;&#x639;&#x62F; &#x648;&#x636;&#x639; &#x627;&#x644;&#x62A;&#x627;&#x62C; &#x648;&#x628;&#x639;&#x62F; 12 &#x64B; &#x634;&#x647;&#x631;&#x627;  &#x645;&#x646; &#x648;&#x636;&#x639; &#x627;&#x644;&#x62A;&#x627;&#x62C; &#x628;&#x627;&#x633;&#x62A;&#x62E;&#x62F;&#x627;&#x645; &#x62A;&#x642;&#x646;&#x64A;&#x629; &#x645;&#x648;&#x627;&#x632;&#x64A;&#x629; &#x60C; &#x645;&#x639; &#x62D;&#x627;&#x645;&#x644; &#x627;&#x644;&#x623;&#x634;&#x639;&#x629; &#x627;&#x644;&#x633;&#x64A;&#x646;&#x64A;&#x629; &#x644;&#x644;&#x635;&#x648;&#x631; &#x627;&#x644;&#x634;&#x639;&#x627;&#x639;&#x64A;&#x629; &#x644;&#x62A;&#x648;&#x62D;&#x64A;&#x62F; &#x648;&#x636;&#x639; &#x62C;&#x647;&#x627;&#x632; &#x627;&#x644;&#x623;&#x634;&#x639;&#x629; .&#x62A;&#x645; &#x62A;&#x633;&#x62C;&#x64A;  &#x631;&#x636;&#x627; &#x627;&#x644;&#x645;&#x631;&#x636;&#x649; &#x64B; &#x628;&#x627;&#x633;&#x62A;&#x62E;&#x62F;&#x627;&#x645; &#x645;&#x642;&#x64A;&#x627;&#x633; &#x62A;&#x646;&#x627;&#x638;&#x631;&#x64A; &#x628;&#x635;&#x631;&#x64A;. &#x62A;&#x645; &#x62A;&#x642;&#x64A;&#x64A;&#x645; &#x645;&#x624;&#x634;&#x631;&#x627;&#x62A; &#x627;&#x644;&#x644;&#x62B;&#x629; &#x628;&#x639;&#x62F; &#x639;&#x627;&#x645; &#x648;&#x627;&#x62D;&#x62F; &#x623;&#x64A;&#x636;&#x627;</subfield>
  </datafield>
  <datafield tag="650" ind1=" " ind2=" ">
    <subfield code="a">Dentistry</subfield>
  </datafield>
  <datafield tag="653" ind1=" " ind2=" ">
    <subfield code="a">Patient satisfaction</subfield>
  </datafield>
  <datafield tag="700" ind1=" " ind2=" ">
    <subfield code="a">Reham Said Elbasty</subfield>
  </datafield>
  <datafield tag="856" ind1=" " ind2=" ">
    <subfield code="u">http://172.23.153.220/th.pdf</subfield>
  </datafield>
  <datafield tag="905" ind1=" " ind2=" ">
    <subfield code="a">Mohamady</subfield>
  </datafield>
  <datafield tag="942" ind1=" " ind2=" ">
    <subfield code="c">TH</subfield>
    <subfield code="2">ddc</subfield>
  </datafield>
  <datafield tag="999" ind1=" " ind2=" ">
    <subfield code="c">164376</subfield>
    <subfield code="d">164376</subfield>
  </datafield>
  <datafield tag="336" ind1=" " ind2=" ">
    <subfield code="2">rda content</subfield>
    <subfield code="a">text</subfield>
  </datafield>
  <datafield tag="337" ind1=" " ind2=" ">
    <subfield code="2">rdamedia</subfield>
    <subfield code="a">Unmediated</subfield>
  </datafield>
  <datafield tag="338" ind1=" " ind2=" ">
    <subfield code="2">rdacarrier</subfield>
    <subfield code="a">volume</subfield>
  </datafield>
  <datafield tag="952" ind1=" " ind2=" ">
    <subfield code="2">ddc</subfield>
    <subfield code="7">0</subfield>
    <subfield code="a">CUCL</subfield>
    <subfield code="b">cl210</subfield>
    <subfield code="d">2024-02-11</subfield>
    <subfield code="o">Cai01.09.09.Ph.D.2022.In.P</subfield>
    <subfield code="p">01010110086461000</subfield>
    <subfield code="r">2023-10-30 00:00:00</subfield>
    <subfield code="y">TH</subfield>
  </datafield>
</record>
